المؤتمر القومي السنوي الثاني عشر (العربي الرابع) لمركز تطوير التعليم الجامعي : تطوير أداء الجامعات العربية في ضوء معايير الجودة الشاملة و نظم الاعتماد، 18-19 ديسمبر 2005م (Record no. 9790)
[ view plain ]
| 000 -LEADER | |
|---|---|
| fixed length control field | 01113nam a2200193Ii 4500 |
| 003 - CONTROL NUMBER IDENTIFIER | |
| control field | JO-AjNU |
| 008 - FIXED-LENGTH DATA ELEMENTS--GENERAL INFORMATION | |
| fixed length control field | 230605s9999||||xx |||||||||||||| ||und|| |
| 040 ## - CATALOGING SOURCE | |
| Original cataloging agency | JO-AjNU |
| Language of cataloging | ara |
| Description conventions | rda |
| Transcribing agency | JO-AjNU |
| 041 ## - LANGUAGE CODE | |
| Language code of text/sound track or separate title | ara |
| 050 14 - LIBRARY OF CONGRESS CALL NUMBER | |
| Classification number | LA 1493 .J364 2005 |
| 100 3# - MAIN ENTRY--PERSONAL NAME | |
| Personal name | جامعة عين شمس. مركز تطوير التعليم الجامعي. مؤتمر (ال 12 : 2005 : القاهرة، مصر) , |
| Relator term | author |
| 9 (RLIN) | 19081 |
| 245 00 - TITLE STATEMENT | |
| Title | المؤتمر القومي السنوي الثاني عشر (العربي الرابع) لمركز تطوير التعليم الجامعي : تطوير أداء الجامعات العربية في ضوء معايير الجودة الشاملة و نظم الاعتماد، 18-19 ديسمبر 2005م |
| 264 31 - PRODUCTION, PUBLICATION, DISTRIBUTION, MANUFACTURE, AND COPYRIGHT NOTICE | |
| Place of production, publication, distribution, manufacture | القاهره: مركز تطوير التعليم الجامعي،2005 |
| 300 ## - PHYSICAL DESCRIPTION | |
| Extent | 287ص |
| 336 ## - CONTENT TYPE | |
| Content type term | text |
| Content type code | txt |
| Source | rdacontent |
| 337 ## - MEDIA TYPE | |
| Media type term | unmediated |
| Media type code | n |
| Source | rdamedia |
| 338 ## - CARRIER TYPE | |
| Carrier type term | volume |
| Carrier type code | nc |
| Source | rdacarrier |
| 650 #4 - SUBJECT ADDED ENTRY--TOPICAL TERM | |
| Topical term or geographic name entry element | التعليم العالي-العالم العربي-مؤتمرات- الجامعات و الكليات-العالم العربي- مؤتمرات |
| 9 (RLIN) | 19082 |
| Withdrawn status | Lost status | Source of classification or shelving scheme | Damaged status | Not for loan | Home library | Current library | Shelving location | Date acquired | Total Checkouts | Full call number | Barcode | Date last seen | Price effective from | Koha item type |
|---|---|---|---|---|---|---|---|---|---|---|---|---|---|---|
| Library of Congress Classification | مكتبة جامعة عجلون الوطنية | مكتبة جامعة عجلون الوطنية | المجموعات العامة | 06/06/2023 | LA 1493 .J364 2005 | A6222 | 06/06/2023 | 06/06/2023 | Books |